| 000 | 00634nam a22002057a 4500 | ||
|---|---|---|---|
| 999 |
_c10894 _d10894 |
||
| 003 | AR-CdUCM | ||
| 008 | 190402b ||||| |||| 00| 0 spa d | ||
| 020 | _a84-319-1.081-X | ||
| 040 |
_aMUNICIPALIDAD PROVINCIAL DEL CUSCO _cBIBLIOTECA MUNICIPAL DEL CUSCO |
||
| 082 |
_aEP / 372.64 / _bE55 |
||
| 245 | _aEl enano saltarin, El pequeño garbancito / | ||
| 260 |
_aBilbao : _bVasco Americana, _c1974. |
||
| 300 |
_bIlustraciones, _c28 cm. |
||
| 500 | _aLibro sin numeración | ||
| 505 | _aContenido :Cuentos infantiles / | ||
| 650 |
_aEducación primaria _91561 |
||
| 650 |
_aCuentos _9217 |
||
| 942 |
_2ddc _cLIBROS |
||
| 945 | _arjall | ||